Aproximación a la ética

Shranjeno v:
Bibliografske podrobnosti
Glavni avtor: Bilbeny, Norbert (Author)
Format: Knjiga
Jezik:španščina
Izdano: Barcelona Ariel 1992
Teme:
Oznake: Označite
Brez oznak, prvi označite!

MARC

LEADER 00000nam a2200000 a 4500
001 UCX8781
003 CL-VaPUC
008 940427e19920000SP |||||||||||||||||spa|d
082 0 4 |a 170  |b BIL  |2 21 
100 0 |a Bilbeny, Norbert  |e author  |9 325975 
245 1 0 |a Aproximación a la ética 
300 |a 334 p 
942 |c BK 
945 |d 19940427 00:00:00  |a aalvarez 
260 |a Barcelona  |b Ariel  |c 1992 
650 0 |a Ética  |9 255099 
650 0 |a Valores (Filosofía)  |9 256541 
583 |a last modification  |c 19940427 00:00:00  |k Rodrigo Vera 
999 |c 228180  |d 228178 
952 |0 0  |1 0  |4 0  |6 170_000000000000000_BIL_1992  |7 0  |8 DER_TF  |9 227946  |a BIBDER  |b BIBDER  |d 2019-11-15  |i 297178K  |l 1  |o 170 BIL 1992  |p 297178K  |r 2020-03-27  |s 2020-03-17  |w 2019-11-15  |x Ubicación 4to Piso  |y BK  |z Estos recursos deben solicitarse con anticipación  |k DER